Statistiques concernant Clips du top 50 de l'année 2010

Cliquez ici pour prendre le quiz!

Statistiques générales

  • Ce quiz a été pris 219 fois
  • Le résultat moyen est 6 sur 8

Statistiques - réponses

Réponse% Correct
Stromae - Alors on danse
98%
René la Taupe - Mignon, mignon
88%
Zaz - Je veux
82%
Fatal Bazooka - Ce matin va être une pure soirée
80%
Shy'm - Je sais
67%
Sexion d'assaut - Désolé
58%
Camélia Jordana - Non, non, non
48%
Joyce Jonathan - Je ne sais pas
45%

Distribution des résultats

Percentile par nombre de réponses

% des personnes avec chaque résultat

Votre développement - résultats

Vous n’avez pas pris ce quiz